आपातकाल : भारतीय लोकतंत्र का एक काला अध्याय (Record no. 29305)

MARC details
000 -LEADER
fixed length control field 00452nam a22001337a 4500
003 - CONTROL NUMBER IDENTIFIER
control field SGT
020 ## - INTERNATIONAL STANDARD BOOK NUMBER
International Standard Book Number 9788193470138
082 ## - DEWEY DECIMAL CLASSIFICATION NUMBER
Classification number 954
Item number A18S
100 ## - MAIN ENTRY--PERSONAL NAME
Personal name सूर्यप्रकाश, ए.
245 ## - TITLE STATEMENT
Title आपातकाल : भारतीय लोकतंत्र का एक काला अध्याय
260 ## - PUBLICATION, DISTRIBUTION, ETC. (IMPRINT)
Name of publisher, distributor, etc मेघनिर्घोष मीडिया प्रा. लि.
Year of Publication 2018
300 ## - PAGE DESCRIPTION
No. of Pages 216
942 ## - ADDED ENTRY ELEMENTS (KOHA)
Source of classification or shelving scheme Dewey Decimal Classification
Koha item type Books
Holdings
Withdrawn status Lost status Source of classification or shelving scheme Damaged status Not for loan Home library Current library Shelving location Date acquired Cost, normal purchase price SGTU Total Checkouts Full call number Accession No. (Barcode) Date last seen Bill Date Koha item type
    Dewey Decimal Classification   Not For Loan SGT Chancellor's Library SGT Chancellor's Library Reference Book 24/01/2025 295.00 SGTU   954 A18S CH1957 24/01/2025 24/01/2025 Books